000 00544nam a2200193Ia 4500
001 13189
003 GE_BSU
008 181216s||||||||xx |||||||||||||| ||und||
040 _cGE_BSU
080 _a631.8
245 _aСпутник агрохимика
245 _cСост.А.П.Васильевский; Кошельков П.Н. Ред.Ф.Ярошенко
260 _aМосква
260 _bСельхозгиз
260 _c1940
300 _a692стр.20см.
653 _aСпутник агрохимика
942 _cBK
999 _c46353
_d46353